LEADER 01120nam--2200361---4500 001 990001044480203316 005 20051025104455.0 010 $a88-204-8626-1 035 $a0104448 035 $aUSA010104448 035 $a(ALEPH)000104448USA01 035 $a0104448 100 $a20020319d1994----km-y0ENGy0103----ba 101 $aita 102 $aIT 200 1 $aPedagogia della comunicazione verbale$fscritti di L. Lumbelli ...$ga cura di Lucia Lumbelli 205 $a7 ed. ampl. 210 $aMilano$cF. Angeli$d1994 215 $a245 p.$d22 cm 225 2 $aCondizionamenti educativi$v12 410 $12001$aCondizionamenti educativi$v12 676 $a371.1023 801 0$aIT$bsalbc$gISBD 912 $a990001044480203316 951 $aII.4. Coll.43/ 13(VI ps C COLL.16/12 BIS)$b119051 LM$cVI ps C COLL. 959 $aBK 969 $aUMA 979 $aPATTY$b90$c20020319$lUSA01$h1728 979 $c20020403$lUSA01$h1744 979 $aPATRY$b90$c20040406$lUSA01$h1712 979 $aCOPAT5$b90$c20051025$lUSA01$h1044 996 $aPedagogia della comunicazione verbale$9278688 997 $aUNISA LEADER 02631nam 2200661 450 001 9910558689703321 005 20220822183845.0 010 $a3-631-86676-3 035 $a(MiAaPQ)EBC6819822 035 $a(Au-PeEL)EBL6819822 035 $a(CKB)19968784500041 035 $a(oapen)https://directory.doabooks.org/handle/20.500.12854/80800 035 $a(EXLCZ)9919968784500041 100 $a20220822d2022 uy 0 101 0 $aeng 135 $aurcnu|||||||| 181 $ctxt$2rdacontent 182 $cc$2rdamedia 183 $acr$2rdacarrier 200 10$aTheory of provocation $ein light of political science /$fMiros?aw Karwat ; translated by Miko?aj Golubiewski 210 $aBern$cPeter Lang International Academic Publishing Group$d2022 210 1$aBerlin :$cPeter Lang,$d[2022] 210 4$dİ2022 215 $a1 online resource (378 pages) 225 1 $aStudies in politics, security and society ;$vVolume 44 311 08$aPrint version: Karwat, Miroslaw Theory of Provocation Frankfurt a.M. : Peter Lang GmbH, Internationaler Verlag der Wissenschaften,c2021 9783631869970 320 $aIncludes bibliographical references. 327 $aIntroduction -- Part 1. What is Provocation? -- Part 2. The Subtlety and Complexity of Provocation Acts -- Part 3. Provocation as a Tool in Politics -- Part 4. Syndromatic Brutal Provocations -- Postscriptum. 330 $aProvocation is a peculiar, manipulating form of political influence. It involves artificial triggering of events, attitudes and human behaviours and one-sided determination of disputable issues requiring agreement. The author presents real-world examples to illuminate the various intricacies of this concept, its applications, aims, and much more. 410 0$aStudies in politics, security and society ;$vVolume 44. 606 $aInfluence (Psychology) 606 $aPolitical participation 610 $achallenge 610 $adeception 610 $aKarwat 610 $aLight 610 $amanipulation 610 $aMiros?aw 610 $aperpetrator 610 $aPolitical 610 $aProvocation 610 $aScience 610 $aseduction 610 $aStanislaw 610 $aSulowski 610 $aTheory 615 0$aInfluence (Psychology) 615 0$aPolitical participation. 676 $a153.852 700 $aKarwat$b Miros?aw$01253909 702 $aGolubiewski$b Miko?aj$f1985- 801 0$bMiAaPQ 801 1$bMiAaPQ 801 2$bMiAaPQ 906 $aBOOK 912 $a9910558689703321 996 $aTheory of provocation$92907724 997 $aUNINA